[Event "AUTO-ADV-06"]
[Site "http://www.queenalice.com/game.php?id=2213"]
[Date "2004.11.25"]
[Round "1"]
[White "voltesfive"]
[Black "mandaragit"]
[Result "0-1"]
[WhiteElo "1594"]
[BlackElo "1913"]

1. e4 c5 2. Nf3 d6 3. d4 cxd4 4. Nxd4 Nf6 5. Nc3 Nc6 6. Bg5 e6 7. Qd2 Be7 8.
O-O-O O-O 9. f3 a6 10. h4 Nxd4 11. Qxd4 Qa5 12. g4 e5 13. Qa4 Qxa4 14. Nxa4 Rd8
15. Nb6 Rb8 16. Nxc8 Rbxc8 17. b3 Kf8 18. Be3 b5 19. g5 Nd7 20. Bh3 Rc6 21. Rh2
Nc5 22. Rhd2 Ke8 23. Kb2 Ne6 24. Bxe6 fxe6 25. a3 Rdc8 26. Rc1 Rc3 27. Rd3 Rxd3
28. cxd3 Rxc1 29. Bxc1 Kd7 30. Be3 g6 31. Kc3 d5 32. exd5 exd5 33. d4 exd4+ 34.
Bxd4 Bxa3 35. b4 Bc1 36. Be5 Ke6 37. Bg3 Be3 38. Kd3 Bb6 39. Kc3 a5 40. Be1 a4
41. f4 Kf5 42. Bd2 Kg4 0-1

[Event "AUTO-ADV-06"]
[Site "http://www.queenalice.com/game.php?id=2216"]
[Date "2004.11.25"]
[Round "1"]
[White "mett"]
[Black "voltesfive"]
[Result "1-0"]
[WhiteElo "1761"]
[BlackElo "1500"]

1. e4 e5 2. Nf3 Nc6 3. Bb5 a6 4. Ba4 Nf6 5. d3 b5 6. Bb3 Be7 7. O-O O-O 8. c3 d6
9. Re1 Bg4 10. Nbd2 h6 11. h3 Bh5 12. Nf1 Na5 13. Bc2 c5 14. g4 Bg6 15. Ng3 Qc7
16. a3 c4 17. d4 Rfd8 18. d5 Nb7 19. Nf5 Nc5 20. Kh1 Bxf5 21. gxf5 Kh7 22. Qe2
Qd7 23. Rg1 Rg8 24. Bd2 g6 25. Qe3 Bf8 26. fxg6+ fxg6 27. Nh2 Nh5 28. Ng4 g5 29.
Qf3 Rg6 30. Nxe5 dxe5 31. Qxh5 Be7 32. Rg3 Rf8 33. Be3 Kg7 34. Rag1 Qd6 35. Qg4
Qd7 36. Qxd7 Nxd7 37. h4 Rg8 38. h5 Rd6 39. f4 Kh7 40. fxg5 hxg5 41. Bxg5 Bxg5
42. Rxg5 Rxg5 43. Rxg5 Kh6 44. Rf5 Rf6 45. Kg2 Rxf5 46. exf5 Kxh5 47. Kf3 Kg5
48. d6 1-0

[Event "AUTO-ADV-06"]
[Site "http://www.queenalice.com/game.php?id=2217"]
[Date "2004.11.25"]
[Round "1"]
[White "voltesfive"]
[Black "mett"]
[Result "0-1"]
[WhiteElo "1591"]
[BlackElo "1627"]

1. e4 c5 2. Nf3 d6 3. d4 cxd4 4. Nxd4 Nf6 5. Nc3 a6 6. Bg5 e6 7. Qd2 Be7 8.
O-O-O Qc7 9. h4 b5 10. f3 Nbd7 11. g4 Bb7 12. Be3 b4 13. Na4 Qa5 14. b3 Nc5 15.
g5 Nxa4 16. bxa4 Nd7 17. Bc4 Qxa4 18. Bb3 Qa3+ 19. Kb1 Nc5 20. Qe2 Na4 21. Bc1
Nc3+ 22. Ka1 Nxe2 23. Bxa3 Nxd4 24. Rxd4 bxa3 25. Ba4+ Kd8 26. c3 Rc8 27. Rc1
Rc5 28. Kb1 Kc7 29. Kc2 h6 30. f4 hxg5 31. hxg5 Bc6 32. Bxc6 Kxc6 33. Rcd1 Rb8
34. Rb1 Rxb1 35. Kxb1 Rxc3 0-1

[Event "AUTO-OPEN-05"]
[Site "http://www.queenalice.com/game.php?id=3009"]
[Date "2004.12.23"]
[Round "2"]
[White "Brandt"]
[Black "voltesfive"]
[Result "1-0"]
[WhiteElo "1728"]
[BlackElo "1451"]

1. d4 Nf6 2. c4 e6 3. Nc3 d5 4. cxd5 exd5 5. Bg5 Nbd7 6. e3 Bb4 7. Bd3 Be7 8.
Nf3 c6 9. O-O h6 10. Bh4 O-O 11. Re1 Re8 12. a3 Nh7 13. Bxe7 Rxe7 14. Qc2 Ndf6
15. Na4 Nf8 16. h3 Ne4 17. Nc5 Bf5 18. Nd2 Qe8 19. Rac1 Bh7 20. Ndxe4 dxe4 21.
Bc4 Kh8 22. d5 Re5 23. Nxb7 cxd5 24. Bb3 Bf5 25. Nd6 Qd7 26. Qc7 f6 27. Qxd7
Nxd7 28. Nf7+ Kh7 29. Nxe5 Nxe5 30. Bxd5 Rd8 31. Bc4 Rd2 32. b3 Nxc4 33. bxc4
Be6 34. c5 Bc8 35. c6 Ra2 36. Rc3 1-0

[Event "AUTO-OPEN-05"]
[Site "http://www.queenalice.com/game.php?id=3010"]
[Date "2004.12.23"]
[Round "2"]
[White "voltesfive"]
[Black "Brandt"]
[Result "0-1"]
[WhiteElo "1456"]
[BlackElo "1723"]

1. d4 d5 2. Bf4 Nf6 3. h3 g6 4. Nf3 Bg7 5. e3 O-O 6. Nc3 b6 7. Be2 Bb7 8. O-O e6
9. Ne5 Nbd7 10. b4 Rc8 11. a3 Nxe5 12. Bxe5 Nd7 13. Bxg7 Kxg7 14. f4 c5 15. Nb5
cxd4 16. Qxd4+ Kg8 17. Nd6 Rb8 18. Nxb7 Rxb7 19. Rad1 Rc7 20. c4 dxc4 21. Bxc4
Qc8 22. Bb3 Qa6 23. a4 Qb7 24. Rd2 Rfc8 25. e4 Nf8 26. f5 exf5 27. exf5 Qc6 28.
f6 Qc3 29. Qf4 Qxb3 30. Qh6 Ne6 31. Re2 Qxb4 32. Rxe6 fxe6 33. f7+ Rxf7 0-1

[Event "AUTO-OPEN-13"]
[Site "http://www.queenalice.com/game.php?id=3205"]
[Date "2004.12.30"]
[Round "2"]
[White "voltesfive"]
[Black "mandaragit"]
[Result "0-1"]
[WhiteElo "1603"]
[BlackElo "1886"]

1. d4 d5 2. Bf4 e6 3. Nf3 Bd6 4. Bg5 Ne7 5. e3 c5 6. a3 Nbc6 7. Nc3 f6 8. Bh4 a6
9. Be2 O-O 10. O-O b5 11. dxc5 Bxc5 12. h3 Nf5 13. Qd2 Bb7 14. b4 Bd6 15. g4
Nxh4 16. Nxh4 Rc8 17. Ng2 Nxb4 18. Rfc1 Nc6 19. Bd3 Ne5 20. f4 Nf3+ 0-1

[Event "AUTO-OPEN-13"]
[Site "http://www.queenalice.com/game.php?id=3206"]
[Date "2004.12.30"]
[Round "2"]
[White "mandaragit"]
[Black "voltesfive"]
[Result "1-0"]
[WhiteElo "1891"]
[BlackElo "1598"]

1. d4 Nf6 2. c4 e6 3. g3 d5 4. Nf3 c5 5. cxd5 exd5 6. Bg2 Nc6 7. O-O Be7 8. Nc3
Be6 9. b3 O-O 10. Bb2 Qc7 11. dxc5 Bxc5 12. Na4 Be7 13. Rc1 b6 14. Nd4 Bd7 15.
a3 Rac8 16. b4 Qb7 17. Nxc6 Bxc6 18. Bd4 Ne4 19. Nc3 Rfd8 20. Qd3 Nf6 21. Rfd1
Ne8 22. b5 Bd7 23. Nxd5 1-0

[Event "AUTO-OPEN-08"]
[Site "http://www.queenalice.com/game.php?id=3701"]
[Date "2005.1.11"]
[Round "2"]
[White "kynyo"]
[Black "voltesfive"]
[Result "1-0"]
[WhiteElo "1656"]
[BlackElo "1497"]

1. e4 c5 2. Bc4 a6 3. d4 cxd4 4. Qxd4 Qc7 5. Nc3 e6 6. Bd2 Nc6 7. Qe3 Nf6 8.
O-O-O b5 9. Be2 Bb7 10. Bf3 Ne5 11. Be2 Bc5 12. Qf4 Bd4 13. Nf3 Bxc3 14. Nxe5
Bxe5 15. Qg5 Bxe4 16. c3 b4 17. f4 bxc3 18. fxe5 cxd2+ 19. Kxd2 Qc2+ 20. Ke1 Nd5
21. Qxg7 Rf8 22. Rd2 Qb1+ 23. Bd1 Rc8 24. Qg3 Bg6 25. Qb3 Qf5 26. Qb7 Rc6 27.
Re2 Nf4 28. Qb8+ Ke7 29. Qb4 Kd8 30. Qxf8+ Kc7 31. Qa3 Nxe2 32. Kxe2 Qxe5+ 33.
Kf2 Qd4+ 34. Qe3 Qxb2+ 35. Qe2 Qa3 36. Bb3 1-0

[Event "AUTO-OPEN-08"]
[Site "http://www.queenalice.com/game.php?id=3702"]
[Date "2005.1.11"]
[Round "2"]
[White "voltesfive"]
[Black "kynyo"]
[Result "0-1"]
[WhiteElo "1487"]
[BlackElo "1666"]

1. Nf3 d6 2. d4 h6 3. c4 Nc6 4. Nc3 e6 5. e4 Be7 6. Be3 Nf6 7. Be2 d5 8. cxd5
exd5 9. e5 Ne4 10. O-O a6 11. Nxe4 dxe4 12. Ne1 O-O 13. Qc2 Bf5 14. Rd1 Nb4 15.
Qb1 Qd5 16. a3 Nc6 17. Qc2 b5 18. b4 Rfc8 19. f3 Nd8 20. g4 Bh7 21. Ng2 Ne6 22.
f4 a5 23. f5 Ng5 24. Nf4 Qb7 25. d5 axb4 26. axb4 Bxb4 27. h4 Nf3+ 28. Bxf3 exf3
29. Rxf3 c5 30. Kf2 c4 31. g5 Kf8 32. g6 fxg6 33. fxg6 Bg8 34. Ne6+ Ke8 0-1

[Event "AUTO-OPEN-08"]
[Site "http://www.queenalice.com/game.php?id=3703"]
[Date "2005.1.11"]
[Round "2"]
[White "SethK"]
[Black "voltesfive"]
[Result "0-1"]
[WhiteElo "1909"]
[BlackElo "1437"]

1. d4 Nf6 2. c4 e6 3. Nc3 d5 4. c5 c6 5. Bg5 Be7 6. e3 O-O 7. Nf3 h6 8. Bh4 Re8
9. Bd3 b5 10. b4 g5 11. Bg3 Nh5 12. O-O Nxg3 13. fxg3 f5 14. Ne5 Kg7 15. Qh5 Rf8
16. Qg6+ Kh8 17. Qxh6+ Kg8 0-1

[Event "AUTO-OPEN-08"]
[Site "http://www.queenalice.com/game.php?id=3704"]
[Date "2005.1.11"]
[Round "2"]
[White "voltesfive"]
[Black "SethK"]
[Result "1-0"]
[WhiteElo "1467"]
[BlackElo "1879"]

1. Nf3 c5 2. e4 Nc6 3. c3 d5 4. exd5 Qxd5 5. d4 cxd4 6. cxd4 e6 7. a3 Nf6 8. Nc3
Qa5 9. Bd2 Qc7 10. Be2 Bd6 11. Rc1 O-O 12. Nb5 Qe7 13. O-O a6 14. Nxd6 Qxd6 15.
Bc3 1-0

[Event "AUTO-OPEN-15"]
[Site "http://www.queenalice.com/game.php?id=3955"]
[Date "2005.1.18"]
[Round "2"]
[White "voltesfive"]
[Black "startstek"]
[Result "0-1"]
[WhiteElo "1494"]
[BlackElo "1615"]

1. d4 Nf6 2. c4 g6 3. Nc3 Bg7 4. Nf3 O-O 5. e4 d6 6. h3 e5 7. d5 Na6 8. a3 Nc5
9. Be2 Nfxe4 10. Nxe4 Nxe4 11. O-O a5 12. Be3 b6 13. Qc2 Nc5 14. Rac1 a4 15.
Rcd1 Bd7 16. Rfe1 h6 17. Nh2 f5 18. f4 exf4 19. Bxf4 g5 20. Be3 Nb3 21. Bf2 Qf6
22. Rb1 Rae8 23. Bd3 Nd4 24. Qc1 f4 25. Qd1 f3 26. g4 Qf4 27. Rxe8 Rxe8 28. Nf1
Ne2+ 29. Kh1 h5 30. Qc2 hxg4 31. Bg6 g3 32. Nxg3 Nxg3+ 0-1

[Event "AUTO-OPEN-15"]
[Site "http://www.queenalice.com/game.php?id=3956"]
[Date "2005.1.18"]
[Round "2"]
[White "startstek"]
[Black "voltesfive"]
[Result "1-0"]
[WhiteElo "1603"]
[BlackElo "1512"]

1. e4 c5 2. Nf3 a6 3. d4 cxd4 4. Nxd4 Qc7 5. Nc3 e6 6. Be3 Nc6 7. f3 d6 8. Qd2
Nf6 9. O-O-O Be7 10. g4 g6 11. h4 Rg8 12. Bd3 Nb4 13. Kb1 Nxd3 14. cxd3 b5 15.
Rc1 Qb7 16. Nce2 Bd7 17. Ng3 a5 18. g5 Nh5 19. Nxh5 gxh5 20. Rc2 d5 21. Rhc1 Rc8
22. Rxc8+ Bxc8 23. Qxa5 Bd7 24. Rc7 Bb4 25. Qa7 Qxa7 26. Rxa7 Rf8 27. Rb7 Bc5
28. Nf5 Bxe3 29. Rb8+ 1-0

[Event "AUTO-OPEN-14"]
[Site "http://www.queenalice.com/game.php?id=4241"]
[Date "2005.1.25"]
[Round "2"]
[White "cox7"]
[Black "voltesfive"]
[Result "1-0"]
[WhiteElo "1615"]
[BlackElo "1446"]

1. d4 Nf6 2. c4 e6 3. Nc3 d5 4. Bg5 Nbd7 5. Nf3 Be7 6. e3 O-O 7. Qc2 c6 8. Rd1
a6 9. a3 Re8 10. Bd3 h6 11. Bh4 b5 12. c5 Rb8 13. b4 Nf8 14. Ne5 Bb7 15. O-O
N6d7 16. Bxe7 Qxe7 17. f4 f6 18. Ng6 1-0

[Event "AUTO-OPEN-14"]
[Site "http://www.queenalice.com/game.php?id=4242"]
[Date "2005.1.25"]
[Round "2"]
[White "voltesfive"]
[Black "cox7"]
[Result "0-1"]
[WhiteElo "1483"]
[BlackElo "1592"]

1. Nf3 Nf6 2. d4 g6 3. c4 Bg7 4. Nc3 O-O 5. Bf4 c5 6. d5 d6 7. Qd2 Re8 8. Bh6
Bh8 9. h3 a6 10. e4 Nbd7 11. Bd3 Qa5 12. O-O Rb8 13. a4 Nh5 14. g4 Nhf6 15. Qf4
Ne5 16. Nxe5 dxe5 0-1